| 000 -LEADER |
| fixed length control field |
02115nmm a22002177a 4500 |
| 003 - CONTROL NUMBER IDENTIFIER |
| control field |
OSt |
| 005 - DATE AND TIME OF LATEST TRANSACTION |
| control field |
20240419110436.0 |
| 008 - FIXED-LENGTH DATA ELEMENTS--GENERAL INFORMATION |
| fixed length control field |
191018e xxu|||||o||d| 00| 0 spa d |
| 020 ## - INTERNATIONAL STANDARD BOOK NUMBER |
| International Standard Book Number |
9789507277252 |
| 040 ## - CATALOGING SOURCE |
| Transcribing agency |
PJ |
| 245 10 - TITLE STATEMENT |
| Title |
Revista Laboral : |
| Remainder of title |
jornada y descanso / |
| Statement of responsibility, etc |
Mario E. Ackerman director. |
| 260 ## - PUBLICATION, DISTRIBUTION, ETC. (IMPRINT) |
| Place of publication, distribution, etc |
Santa Fé : |
| Name of publisher, distributor, etc |
Rubinzal Culzoni, |
| Date of publication, distribution, etc |
2006. |
| 300 ## - PHYSICAL DESCRIPTION |
| Extent |
536p. |
| Dimensions |
22 cm. |
| 310 ## - CURRENT PUBLICATION FREQUENCY |
| Current publication frequency |
semestral |
| 362 ## - DATES OF PUBLICATION AND/OR SEQUENTIAL DESIGNATION |
| Dates of publication and/or sequential designation |
No.1(2006) |
| 500 ## - GENERAL NOTE |
| General note |
Reflexiones en torno de la jornada de trabajo, por Antonio Vázquez Vialard; <br/>La jornada de trabajo en las normas de la OIT, por Mario Ackerman; <br/>Jornada de trabajo de mujeres y principio de igualdad y no discriminación, por Pablo Arnaldo Topet; <br/>Las excepciones a la jornada de trabajo y el quid "vigilancia superior-vigilancia subalterna", por Eduardo Álvarez; <br/>La regulación de la jornada en las provincias, por Jorge J. Sappia; <br/>Reflexiones sobre la jornada promedio, por Javier Adrogué; <br/>Limitaciones legales a las que está sujeta la jornada de trabajo. Las "horas extra", por Cecilia M. Murray y Miguel Ángel Pirolo; Horas extraordinarias, por Albor Ángel Cantard; <br/>Patología de la jornada de trabajo, por Jorge Elías; <br/>Trabajo por equipos, por Valentín Rubio; Jornada laboral del docente privado, por Ricardo Francisco Seco; <br/>Camioneros. Transporte, jornadas, horas extras y lo nocivo por lo crónico, por María del Carmen Piña; <br/>Las pausas en la jornada de trabajo, por Carlos Alberto Etala;<br/>Vacaciones y época para su otorgamiento, por Armando B. Rocha; <br/>Algunas consideraciones respecto del descanso semanal, por Silvia E. Pinto Varela; <br/>Francos no gozados. ¿Se justifican normativamente los argumentos tradicionales?, por Silvia Díaz; <br/>El tiempo de trabajo y su tratamiento en los Convenios Colectivos de Trabajo, por Carlos M. Aldao-Zapiola. <br/>Jurisprudencia agrupada, por Raúl Horacio Ojeda.<br/><br/> |
| 650 #0 - SUBJECT ADDED ENTRY--TOPICAL TERM |
| 9 (RLIN) |
1316 |
| Topical term or geographic name as entry element |
DERECHO LABORAL |
| 700 ## - ADDED ENTRY--PERSONAL NAME |
| 9 (RLIN) |
1423 |
| Personal name |
Ackermann, Mario Eduardo |
| Función |
director |
| 856 ## - ELECTRONIC LOCATION AND ACCESS |
| Uniform Resource Identifier |
<a href="https://www.rubinzal.com.ar/revistas/revista-de-derecho-laboral/5/?menupc=1">https://www.rubinzal.com.ar/revistas/revista-de-derecho-laboral/5/?menupc=1</a> |
| Link text |
Revista Derecho Laboral |
| 942 ## - ADDED ENTRY ELEMENTS (KOHA) |
| Source of classification or shelving scheme |
|
| Koha item type |
Publicaciones Periódicas |